| 000 | 00558nam a2200193Ia 4500 | ||
|---|---|---|---|
| 003 | GCL | ||
| 008 | 140319s9999 xx 000 0 ara d | ||
| 040 |
_aGCL / _cGCL |
||
| 082 | 0 | 4 |
_a784.4 _bع د |
| 100 | 1 | _aعارف الحيقى | |
| 245 | 1 | 0 |
_aديوان الاغانى الريفية اليمنية / _cعارف الحيقى |
| 300 | _a320 | ||
| 490 |
_a100 قصة _v0 |
||
| 650 | 0 | 4 | _aالفولكلور |
| 650 | 0 | 4 | _aالادب الشعبى |
| 650 | 0 | 4 | _aالاغانى |
| 650 | 0 | 4 | _aالاغانى الشعبية اليمنية |
| 942 |
_2ddc _cBK |
||
| 999 |
_c46179 _d46179 |
||